| 000 | 00411cam a2200181ua 4500 | ||
|---|---|---|---|
| 001 | 351 | ||
| 008 | 160930n II |||gr||||Z||||||eng | ||
| 040 | _aMAIN | ||
| 041 | _aEnglish | ||
| 082 | _a823 ALC | ||
| 100 |
_aALCOTT , LOUISA M., _eAUTHOR. |
||
| 245 | _aGOOD WIVES | ||
| 250 | _a1ST. | ||
| 260 |
_aLONDON: _bTHE CHILDREN PRESS, _c1963. |
||
| 300 |
_a188: _c18CM. |
||
| 653 | _aEnglish fiction | ||
| 942 | _cBK | ||
| 999 |
_c351 _d351 |
||